| 000 | 00926nam a22002657a 4500 | ||
|---|---|---|---|
| 003 | OSt | ||
| 005 | 20250410131850.0 | ||
| 008 | 210215s1977 ck ||||er|||| 00| f spa d | ||
| 040 |
_aCO-JMCR _cCO-JMCR |
||
| 041 | 1 |
_aspa _heng |
|
| 082 | 0 | 4 |
_aA-N _bBACi _223 |
| 100 | 1 |
_aBach, Richard, _eautor _9766 |
|
| 245 | 1 | 0 |
_aIlusiones / _cRichard Bach ; traducción Eduardo Goligorsky |
| 260 |
_aBogotá : _bCirculo de Lectores, _c1977 |
||
| 300 |
_a140 páginas ; _c20 cm. |
||
| 500 | _aTítulo original: Illusions. The adventure of reluctant messiah | ||
| 546 | _aTraducido del inglés. | ||
| 650 | 1 | 4 |
_aNovela estadounidens _ySiglo xx _913471 |
| 650 | 1 | 4 |
_aLiteratura estadounidense _ySiglo xx _913472 |
| 650 | 1 | 4 |
_aLiteratura fantástica _913473 |
| 650 | 1 | 4 |
_aEspiritualidad en la literatura _913474 |
| 650 | 1 | 4 |
_aLibertad en la literatura _97761 |
| 700 | 1 |
_aGoligorsky, Eduardo, _etraductor _913475 |
|
| 942 |
_2ddc _cBK |
||
| 999 |
_c7189 _d7189 |
||